La genese de l'idee de hasard chez l'enfant

Αποθηκεύτηκε σε:
Λεπτομέρειες βιβλιογραφικής εγγραφής
Κύριος συγγραφέας: Piaget, Jean 1896-1980
Άλλοι συγγραφείς: Inhelder, Baerbel
Μορφή: Βιβλίο
Γλώσσα:French
Δημοσίευση: Paris : PUF, 1974
Έκδοση:2me ed.
Θέματα:
Ετικέτες: Προσθήκη ετικέτας
Δεν υπάρχουν, Καταχωρήστε ετικέτα πρώτοι!

MARC

LEADER 00000nam a2200000 i 4500
001 1/86949
008 990721s1974 fre d
035 |l 10052187 
040 |a GR-MY-UA  |b gre  |e aacr 
041 0 |a fre 
082 0 |a 305.23 
100 1 |a Piaget, Jean  |d 1896-1980. 
245 1 3 |a La genese de l'idee de hasard chez l'enfant /  |c Jean Piaget, Barbel Inhelder 
250 |a 2me ed. 
260 |a Paris :   |b PUF,   |c 1974 
300 |a 229 p. 
650 0 0 |a Child development. 
650 0 0 |a Chance. 
700 1 |a Inhelder, Baerbel. 
852 |a INST  |b RHODES  |e 19990721  |h 305.23 PIA  |p 005400014537  |q 005400014537  |t BK  |y 0 
901 |a BIBL4-1999-2 
909 |a Ρ  |b 065778 
922 |a 4ΕΛΗ  |b 199905  |c ΚΠΣ/154  |d LEADER 
970 |z 1999/07/21  |a ΚΟΥΛΑΚΙΟΤΗ  |b ΛΙΤΣΑ